| 000 | 00870nam a2200277 a 4500 | ||
|---|---|---|---|
| 001 | 69919 | ||
| 003 | BD-RjUL | ||
| 005 | 20211209081938.0 | ||
| 008 | 170415s1974 gw a b 000 0 eng d | ||
| 020 | _a3540066527 (NewYork) | ||
| 020 | _a0387066527 (Berlin) | ||
| 035 | _a(BD-RjUL)70131 | ||
| 040 |
_aBD-RjUL _beng _cBD-RjUL _dBD-RjUL |
||
| 041 | _aeng | ||
| 082 |
_223 _a510 _bWAD 1974 |
||
| 100 | 1 |
_aWaltman, Paul. _9207082 |
|
| 245 | 1 | 0 |
_aDeterministic threshold models in the theory of epidemics / _cPaul Waltman |
| 260 |
_aBerlin : _bSpringer-Verlag, _cc1974 |
||
| 300 |
_a101 p. : _bill. ; _c25 cm. |
||
| 490 | 1 |
_aLecture notes in biomathematics, _v1 |
|
| 504 | _aIncludes bibliographies. | ||
| 650 | 0 |
_aMathematics. _9207083 |
|
| 650 | 0 |
_aEpidemics _xMathematical models. _9207084 |
|
| 830 | 0 |
_aLecture notes in biomathematics, _v1 _9154730 |
|
| 942 |
_2ddc _cBK |
||
| 999 |
_c69919 _d69919 |
||